000 00591nam a2200193 4500
001 145078
003 ES-MaACL
005 20230906201147.0
007 t|
008 070214s1912 xxk r ||||1| eng d
100 1 _aSomerville, William.
_9107267
245 1 0 _aAgriculture /
_cby William Somerville.
260 _aLondon :
_bWilliam and Norgate,
_c[1912]
300 _a256 p. ;
_c17 cm.
490 1 _aHome university library of modern knowledge ;
_v26
830 0 _aHome university library of modern knowledge ;
_v26
_9182346
852 _aES-MaACL
_jC-3095
999 _c145078
_d145078